[Event "Madrid ch Veteranos 2015-2016"]
[Site "Madrid ESP"]
[Date "2016.01.18"]
[Round "6.15"]
[White "Fernandez Garcia, Ignacio"]
[Black "Serrano Garcia, Vicente"]
[Result "1/2-1/2"]
[WhiteElo "1875"]
[BlackElo "1802"]
[PlyCount "131"]
[EventDate "2016.01.11"]
[EventType "swiss"]
[EventRounds "9"]
[EventCountry "ESP"]
[Source "lmi"]
[SourceDate "2016.01.11"]

1. e4 e6 2. d4 d5 3. e5 c5 4. c3 Nc6 5. Nf3 Nge7 6. Bd3 cxd4 7. cxd4 Nb4 8. Be2
Bd7 9. Nc3 Qb6 10. O-O Nf5 11. Be3 Be7 12. a4 Rc8 13. Rc1 O-O 14. Qd2 h6 15. g4
Nxe3 16. Qxe3 f5 17. exf6 Bxf6 18. h4 Nc6 19. Rcd1 Nb4 20. g5 hxg5 21. hxg5 Be7
22. Kg2 Rf5 23. Rh1 Rcf8 24. Rh3 Nc2 25. Qd2 Nb4 26. Rdh1 Kf7 27. Rh8 Ke8 28.
Rxf8+ Rxf8 29. Ne5 Nc6 30. Nxd7 Kxd7 31. Bb5 a6 32. Bxc6+ bxc6 33. Rh7 Rg8 34.
f4 c5 35. dxc5 Bxc5 36. f5 Be3 37. Nxd5 Bxd2 38. Nxb6+ Kc6 39. Nc4 exf5 40.
Nxd2 Kd5 41. Rh4 Rc8 42. Rf4 Rc2 43. Rxf5+ Ke6 44. Rf2 Rxb2 45. Ne4 Rb4 46. Re2
Kf5 47. Nd6+ Kxg5 48. Re5+ Kf4 49. Rf5+ Kg4 50. Ra5 Rb2+ 51. Kf1 Kf3 52. Ke1
Rb6 53. Nc4 Re6+ 54. Kd2 Kf4 55. Rd5 g5 56. Nb2 g4 57. Nd3+ Kg3 58. Re5 Rxe5
59. Nxe5 Kf4 60. Nxg4 Kxg4 61. Kc3 Kf4 62. Kb4 Ke5 63. Ka5 Kd5 64. Kxa6 Kc6 65.
Ka7 Kc7 66. a5 1/2-1/2

[Event "Madrid ch Veteranos 2015-2016"]
[Site "Madrid ESP"]
[Date "2016.01.18"]
[Round "6.17"]
[White "Perez Cameselle, Francisco Jose"]
[Black "Ballesteros Jimenez, Miguel Angel"]
[Result "1-0"]
[WhiteElo "1917"]
[BlackElo "1603"]
[PlyCount "63"]
[EventDate "2016.01.11"]
[EventType "swiss"]
[EventRounds "9"]
[EventCountry "ESP"]
[Source "lmi"]
[SourceDate "2016.01.11"]

1. e4 d5 2. exd5 Qxd5 3. Nc3 Qd6 4. d4 Nf6 5. Nf3 a6 6. Bd3 b5 7. O-O Bb7 8.
Re1 e6 9. Qe2 Nbd7 10. Ne4 Qb6 11. Neg5 Be7 12. Nxf7 Kxf7 13. Ng5+ Kg8 14. Nxe6
Re8 15. Bf4 Bd8 16. c4 bxc4 17. Bxc4 Bd5 18. Bxd5 Nxd5 19. Qg4 Bf6 20. Nxg7
Rxe1+ 21. Rxe1 Bxg7 22. Qxd7 Nxf4 23. Re8+ Bf8 24. Qf5 Qd6 25. g3 Ng6 26. h4
Qc6 27. Rc8 Kg7 28. h5 Qd6 29. hxg6 hxg6 30. Qe5+ Qxe5 31. dxe5 Bc5 32. Rxc7+
1-0

[Event "Madrid ch Veteranos 2015-2016"]
[Site "Madrid ESP"]
[Date "2016.01.18"]
[Round "6.18"]
[White "Garcia Martin, Esteban"]
[Black "Rodriguez Bachiller, Luis"]
[Result "0-1"]
[WhiteElo "1894"]
[BlackElo "1660"]
[PlyCount "122"]
[EventDate "2016.01.11"]
[EventType "swiss"]
[EventRounds "9"]
[EventCountry "ESP"]
[Source "lmi"]
[SourceDate "2016.01.11"]

1. c4 Nf6 2. Nc3 g6 3. g3 Bg7 4. Bg2 O-O 5. e4 d6 6. Nge2 Nc6 7. O-O Bg4 8. f3
Bd7 9. d3 Qc8 10. Be3 a6 11. Qd2 Bh3 12. Rac1 Bxg2 13. Kxg2 Ne5 14. Nd5 Nxd5
15. cxd5 c5 16. d4 Nd7 17. dxc5 dxc5 18. b4 c4 19. f4 b5 20. Nd4 Nf6 21. Qc2
Qb7 22. Kf3 Rfe8 23. f5 Nd7 24. Kg2 Ne5 25. Qe2 Nd3 26. Rb1 e6 27. fxe6 fxe6
28. Nxe6 Rxe6 29. dxe6 Qxe4+ 30. Qf3 Qxf3+ 31. Kxf3 Re8 32. Ke2 Rxe6 33. Kd2
Rd6 34. Kc2 Re6 35. Rf3 Ne5 36. Rff1 Ng4 37. Bc5 Re2+ 38. Kd1 Rxh2 39. Re1 Rxa2
40. Re2 Ra3 41. Ke1 Rxg3 42. Rd1 Rd3 43. Rxd3 cxd3 44. Re8+ Kf7 45. Re7+ Kf6
46. Rd7 Ne5 47. Bd4 Ke6 48. Rxg7 Nf3+ 49. Kd1 Nxd4 50. Rxh7 Nc6 51. Rg7 Nxb4
52. Rxg6+ Kd5 53. Kd2 a5 54. Rg5+ Kc4 55. Rg4+ Kb3 56. Rg5 a4 57. Rxb5 a3 58.
Ra5 a2 59. Ra8 Kb2 60. Ra4 a1=Q 61. Rxb4+ Ka3 0-1

[Event "Madrid ch Veteranos 2015-2016"]
[Site "Madrid ESP"]
[Date "2016.01.18"]
[Round "6.20"]
[White "Martinez Miura, Enrique"]
[Black "Corredor Gonzalez, Angel L"]
[Result "1-0"]
[WhiteElo "1646"]
[BlackElo "1780"]
[PlyCount "58"]
[EventDate "2016.01.11"]
[EventType "swiss"]
[EventRounds "9"]
[EventCountry "ESP"]
[Source "lmi"]
[SourceDate "2016.01.11"]

1. e4 e5 2. Nf3 Nf6 3. Nxe5 d6 4. Nf3 Nxe4 5. d4 d5 6. Bd3 Bg4 7. c4 Bb4+ 8.
Kf1 O-O 9. a3 Be7 10. h3 Bh5 11. cxd5 Qxd5 12. Nc3 Nxc3 13. bxc3 Nc6 14. Bf4
Bd6 15. Bxd6 Qxd6 16. g4 Bg6 17. Kg2 Kh8 18. Bxg6 fxg6 19. Re1 Qf4 20. Rb1 b6
21. Qe2 h5 22. Qe4 hxg4 23. hxg4 Qf6 24. Rh1+ Kg8 25. Rh3 Ne7 26. Rbh1 Kf7 27.
Ne5+ Ke6 28. Rf3 Qg5 29. Nxg6+ Kd6 1-0

[Event "Madrid ch Veteranos 2015-2016"]
[Site "Madrid ESP"]
[Date "2016.01.18"]
[Round "6.21"]
[White "Rodriguez Bernal, Herman"]
[Black "Ramos Antona, Enrique"]
[Result "1-0"]
[WhiteElo "1768"]
[BlackElo "1585"]
[PlyCount "125"]
[EventDate "2016.01.11"]
[EventType "swiss"]
[EventRounds "9"]
[EventCountry "ESP"]
[Source "lmi"]
[SourceDate "2016.01.11"]

1. d4 d5 2. c4 c6 3. cxd5 cxd5 4. Nc3 Nf6 5. Bg5 e6 6. Bxf6 Qxf6 7. Nf3 Bd6 8.
a3 a6 9. e4 dxe4 10. Nxe4 Qd8 11. Nxd6+ Qxd6 12. Bd3 h6 13. O-O O-O 14. Qc2 Nd7
15. Rfd1 Nf6 16. Rac1 Nd5 17. Ne5 Bd7 18. Bh7+ Kh8 19. Be4 Rac8 20. Qd2 Qe7 21.
Rxc8 Rxc8 22. Re1 Kg8 23. Bxd5 exd5 24. Ng6 Qxe1+ 25. Qxe1 fxg6 26. h3 Re8 27.
Qb4 Bc6 28. g3 Re2 29. Kg2 Rc2 30. h4 Kh7 31. Qb3 Re2 32. Kf3 Re4 33. Qc3 a5
34. Kg2 a4 35. Qd3 Bd7 36. f3 Re1 37. Kf2 Bf5 38. Qd2 Re7 39. g4 Bd7 40. Qb4
Rf7 41. Kg3 Bc6 42. Qd6 Kg8 43. Qxg6 Bb5 44. Qe6 Bc4 45. g5 hxg5 46. hxg5 Kf8
47. Qc8+ Ke7 48. Qxb7+ Ke6 49. Qc6+ Ke7 50. Qxa4 Ke6 51. Qe8+ Re7 52. Qg6+ Kd7
53. Qf5+ Ke8 54. g6 Kd8 55. Qf8+ Kd7 56. a4 Bd3 57. Qg8 Bxg6 58. Qxd5+ Kc7 59.
Qc5+ Kd7 60. d5 Ke8 61. d6 Rd7 62. Qc8+ Rd8 63. Qe6+ 1-0

[Event "Madrid ch Veteranos 2015-2016"]
[Site "Madrid ESP"]
[Date "2016.01.18"]
[Round "6.22"]
[White "Beekhof Harmsen, Willen"]
[Black "Pashov, Spas Nikolov"]
[Result "0-1"]
[WhiteElo "1644"]
[BlackElo "1722"]
[PlyCount "58"]
[EventDate "2016.01.11"]
[EventType "swiss"]
[EventRounds "9"]
[EventCountry "ESP"]
[Source "lmi"]
[SourceDate "2016.01.11"]

1. Nf3 Nf6 2. g3 c5 3. Bg2 d5 4. c4 e6 5. O-O Nc6 6. b3 Be7 7. Bb2 O-O 8. d3 b6
9. Nbd2 Bb7 10. Re1 Qc7 11. a3 Rad8 12. Qc2 Rfe8 13. d4 cxd4 14. cxd5 Nxd5 15.
Nxd4 Nxd4 16. Qd3 Nc2 17. Rec1 Nde3 18. Qxe3 Bxg2 19. Qc3 Qxc3 20. Bxc3 Nxa1
21. Kxg2 Rxd2 22. Bxa1 Bxa3 23. Rc7 Bc5 24. b4 Bd4 25. Rxa7 Bxa1 26. Rxa1 Rb2
27. Ra4 Rxe2 28. Ra6 Rb8 29. Ra4 Rb2 0-1

[Event "Madrid ch Veteranos 2015-2016"]
[Site "Madrid ESP"]
[Date "2016.01.18"]
[Round "6.23"]
[White "Martinez Carrasco, Jesus"]
[Black "Perez Gonzalez, Jesus Miguel"]
[Result "1-0"]
[WhiteElo "1561"]
[BlackElo "1706"]
[PlyCount "127"]
[EventDate "2016.01.11"]
[EventType "swiss"]
[EventRounds "9"]
[EventCountry "ESP"]
[Source "lmi"]
[SourceDate "2016.01.11"]

1. d4 d5 2. c4 c6 3. e3 g6 4. Nc3 Bg7 5. Nf3 Nf6 6. Be2 O-O 7. O-O Re8 8. Bd2
Nbd7 9. Qb3 Nb6 10. cxd5 cxd5 11. Rac1 Bd7 12. Nb5 Bc6 13. Ne5 Ne4 14. Ba5 Bxe5
15. dxe5 Qd7 16. f3 Ng5 17. Nd4 Rec8 18. Nxc6 bxc6 19. Ba6 Rc7 20. Qb4 Ne6 21.
Qg4 c5 22. Bd3 c4 23. Bb1 d4 24. exd4 Qxd4+ 25. Qxd4 Nxd4 26. Rf2 Rd8 27. b3
Rdc8 28. bxc4 Rxc4 29. Rxc4 Rxc4 30. Bd3 Rc5 31. Bb4 Rxe5 32. Rd2 Nd5 33. Bc5
Nc6 34. Ba3 Re3 35. Bb2 Ne5 36. Be4 Nc4 37. Rxd5 Nxb2 38. Rd8+ Kg7 39. Rd7 f5
40. Bc6 Nd3 41. h3 Re1+ 42. Kh2 f4 43. Rxd3 Kf6 44. Ra3 Rc1 45. Be4 Rc7 46. Ra5
h6 47. Ra6+ e6 48. h4 g5 49. Kh3 gxh4 50. Kxh4 Rg7 51. Kh3 Rg3+ 52. Kh2 Rg7 53.
a4 Rc7 54. Rc6 Rd7 55. a5 h5 56. a6 Ke7 57. Rc5 Kf6 58. Rc4 Rd6 59. Bb7 e5 60.
Rc6 Ke7 61. Rc7+ Rd7 62. Rxd7+ Kxd7 63. Kh3 Kd6 64. Kh4 1-0

[Event "Madrid ch Veteranos 2015-2016"]
[Site "Madrid ESP"]
[Date "2016.01.18"]
[Round "6.24"]
[White "Romero Jaime, Pedro"]
[Black "Canseco Arenas, Alfonso"]
[Result "0-1"]
[WhiteElo "1553"]
[BlackElo "1690"]
[PlyCount "126"]
[EventDate "2016.01.11"]
[EventType "swiss"]
[EventRounds "9"]
[EventCountry "ESP"]
[Source "lmi"]
[SourceDate "2016.01.11"]

1. Nf3 c5 2. e3 d5 3. d4 Bf5 4. c4 Nf6 5. Nc3 e6 6. Be2 Nc6 7. O-O Be7 8. a3
O-O 9. Nh4 Bg6 10. Nxg6 hxg6 11. Re1 dxc4 12. Bxc4 cxd4 13. exd4 Qxd4 14. Qe2
Qh4 15. h3 Nd4 16. Qd3 Rad8 17. Qb1 Nf3+ 18. gxf3 Qxc4 19. Ne4 Nxe4 20. fxe4
Bh4 21. Bf4 Rd3 22. Kg2 Rfd8 23. Qc1 Qxc1 24. Raxc1 R8d7 25. Rc2 a6 26. Rec1
Bf6 27. Rc8+ Kh7 28. Rb8 g5 29. e5 gxf4 30. exf6 gxf6 31. Rcc8 Rb3 32. Rh8+ Kg6
33. Rbg8+ Kf5 34. Rh5+ Ke4 35. Rc5 Rxb2 36. Rc4+ Kf5 37. Rg4 e5 38. Rc1 Rdd2
39. Rf1 Ra2 40. Rg8 Rxa3 41. Kh2 Rdd3 42. Rh8 b5 43. Rb1 Rd2 44. Kg2 e4 45. Kg1
Raa2 46. Rf1 b4 47. Rb8 a5 48. Rb5+ Kg6 49. Kh1 e3 50. Rg1+ Kh6 51. Rb8 Kh7 52.
Rg4 Ra1+ 53. Rg1 Rxg1+ 54. Kxg1 Rxf2 55. Rb5 Rf3 56. Kg2 Rg3+ 57. Kh2 Rg5 58.
Rb6 Kg6 59. h4 Re5 60. Kh3 e2 61. h5+ Rxh5+ 62. Kg4 Re5 63. Kf3 e1=Q 0-1

[Event "Madrid ch Veteranos 2015-2016"]
[Site "Madrid ESP"]
[Date "2016.01.18"]
[Round "6.25"]
[White "Calderon Martin, Antonio"]
[Black "Fernandez Bujarrabal, Pedro V"]
[Result "0-1"]
[WhiteElo "1679"]
[BlackElo "1582"]
[PlyCount "60"]
[EventDate "2016.01.11"]
[EventType "swiss"]
[EventRounds "9"]
[EventCountry "ESP"]
[Source "lmi"]
[SourceDate "2016.01.11"]

1. e4 e5 2. Nf3 Nc6 3. Bb5 a6 4. Ba4 Nf6 5. d3 b5 6. Bb3 Be7 7. Nbd2 O-O 8. Nf1
d6 9. c3 Na5 10. Bc2 c5 11. Ng3 Be6 12. O-O Rb8 13. d4 cxd4 14. cxd4 Rc8 15.
dxe5 dxe5 16. Nxe5 Qb6 17. Nf3 Rfd8 18. Bd2 Bc4 19. Rc1 Bxf1 20. Qxf1 Nc4 21.
Bc3 Bc5 22. e5 Ng4 23. Ne4 Nce3 24. Qe2 Nxc2 25. Rxc2 Rd7 26. Bd4 Rdc7 27. Bxc5
Rxc5 28. Nxc5 Rxc5 29. Qe4 h5 30. Qd4 Rxc2 0-1

[Event "Madrid ch Veteranos 2015-2016"]
[Site "Madrid ESP"]
[Date "2016.01.18"]
[Round "6.26"]
[White "Salgado Duarte, Pablo"]
[Black "Cortijo Manso, Luis"]
[Result "1-0"]
[WhiteElo "1518"]
[BlackElo "1508"]
[PlyCount "71"]
[EventDate "2016.01.11"]
[EventType "swiss"]
[EventRounds "9"]
[EventCountry "ESP"]
[Source "lmi"]
[SourceDate "2016.01.11"]

1. d4 Nf6 2. c4 c5 3. Nf3 g6 4. Nc3 cxd4 5. Nxd4 Bg7 6. Bf4 O-O 7. e3 d6 8. Nc2
Nbd7 9. h3 Nc5 10. Rb1 Nfe4 11. Nxe4 Nxe4 12. a3 Qb6 13. Nb4 Be6 14. Bd3 Nc5
15. O-O a5 16. Nd5 Qb3 17. Nxe7+ Kh8 18. Qxb3 Nxb3 19. Rfd1 Rad8 20. Nd5 Nc5
21. Bc2 Nd7 22. Bxd6 Rg8 23. Bc7 Rc8 24. Bxa5 Rxc4 25. Bb3 Rc5 26. Bb4 Rb5 27.
Bc4 Rxb4 28. axb4 Ne5 29. b3 Bf5 30. Ne7 Bxb1 31. Nxg8 Bc2 32. Rd8 Nc6 33. Ra8
Bc3 34. Ne7+ Kg7 35. Rg8+ Kf6 36. Nd5+ 1-0

[Event "Madrid ch Veteranos 2015-2016"]
[Site "Madrid ESP"]
[Date "2016.01.18"]
[Round "6.27"]
[White "Perez Nuñez Castillo, Jose Antonio"]
[Black "Benitez Cadenas, Luis Miguel"]
[Result "0-1"]
[WhiteElo "1601"]
[BlackElo "1681"]
[PlyCount "68"]
[EventDate "2016.01.11"]
[EventType "swiss"]
[EventRounds "9"]
[EventCountry "ESP"]
[Source "lmi"]
[SourceDate "2016.01.11"]

1. Nf3 d5 2. d4 c6 3. b3 Bg4 4. e3 e6 5. Bd3 Nd7 6. Bb2 Bd6 7. O-O Qc7 8. Nbd2
Bxh2+ 9. Kh1 h5 10. Qe1 Bd6 11. g3 Be7 12. Kg2 Nh6 13. Ne5 O-O-O 14. c4 Rdf8
15. Ndf3 g5 16. Nxd7 Bxf3+ 17. Kxf3 Qxd7 18. Ke2 f5 19. b4 f4 20. b5 fxg3 21.
bxc6 Qxc6 22. cxd5 Qxd5 23. Qc3+ Kb8 24. e4 Qd6 25. Bc4 Rxf2+ 26. Rxf2 gxf2 27.
e5 Qc6 28. Rc1 Qg2 29. Rf1 Qe4+ 30. Kd1 Ng4 31. Bd3 Qf3+ 32. Kc2 Rc8 33. Bc4
Ne3+ 34. Kb3 Rxc4 0-1

[Event "Madrid ch Veteranos 2015-2016"]
[Site "Madrid ESP"]
[Date "2016.01.18"]
[Round "6.28"]
[White "Abad Martin Camunas, Luis"]
[Black "Arroyo Fraile, Mario"]
[Result "1/2-1/2"]
[WhiteElo "1413"]
[BlackElo "1530"]
[PlyCount "101"]
[EventDate "2016.01.11"]
[EventType "swiss"]
[EventRounds "9"]
[EventCountry "ESP"]
[Source "lmi"]
[SourceDate "2016.01.11"]

1. e4 c5 2. Nf3 Nc6 3. d4 cxd4 4. Nxd4 e6 5. Be3 Nf6 6. Bd3 Ne5 7. h3 Nxd3+ 8.
Qxd3 Be7 9. Nc3 a6 10. a3 b5 11. b4 Bb7 12. O-O O-O 13. e5 Nd5 14. Ne4 Nxe3 15.
Qxe3 d5 16. Ng3 Bg5 17. f4 Bh6 18. Qf3 Qe8 19. Qh5 f5 20. exf6 Rxf6 21. Qg4 Bc8
22. Rae1 e5 23. Ndf5 e4 24. Nxh6+ Rxh6 25. Qg5 Bb7 26. f5 Qf7 27. Rf4 Qf6 28.
Rg4 Qxg5 29. Rxg5 Rf8 30. Rf1 Rf7 31. Rf4 Rc6 32. Nh5 h6 33. Rg6 Rxg6 34. fxg6
Rxf4 35. Nxf4 e3 36. c3 Bc6 37. Kf1 Kf8 38. Ke2 Ke7 39. h4 Kf6 40. g4 Ke7 41.
Kxe3 Kf6 42. Kd4 Bd7 43. Nxd5+ Kxg6 44. Ne3 Kf6 45. c4 bxc4 46. Kxc4 Bb5+ 47.
Kd5 g6 48. Ke4 Ke6 49. Kf4 Kd6 50. g5 h5 51. Ke4 1/2-1/2

[Event "Madrid ch Veteranos 2015-2016"]
[Site "Madrid ESP"]
[Date "2016.01.18"]
[Round "6.29"]
[White "Veuthey Martinez, Eloy"]
[Black "Martin Rodriguez, Jose Luis"]
[Result "1-0"]
[WhiteElo "1536"]
[BlackElo "1313"]
[PlyCount "75"]
[EventDate "2016.01.11"]
[EventType "swiss"]
[EventRounds "9"]
[EventCountry "ESP"]
[Source "lmi"]
[SourceDate "2016.01.11"]

1. d4 Nf6 2. Nf3 e6 3. e3 d5 4. Bd3 c5 5. b3 Nc6 6. O-O Be7 7. Bb2 O-O 8. Ne5
Qc7 9. a3 Bd6 10. f4 Ne7 11. Nd2 Nf5 12. Rf3 cxd4 13. exd4 Bd7 14. g4 Bxe5 15.
fxe5 Nxg4 16. Rh3 Ngh6 17. Qh5 f6 18. Bxf5 exf5 19. c4 fxe5 20. dxe5 Be6 21.
Rc1 dxc4 22. Nxc4 Bxc4 23. Rxc4 Qf7 24. Qg5 Qg6 25. Qxg6 hxg6 26. Rc7 Rf7 27.
Rhc3 Rxc7 28. Rxc7 Rd8 29. Bc3 Rd1+ 30. Kg2 Ng4 31. e6 Nf6 32. Rc8+ Kh7 33.
Bxf6 Rd2+ 34. Kf3 gxf6 35. e7 Rd3+ 36. Ke2 Rxb3 37. e8=Q f4 38. Qh8# 1-0

[Event "Madrid ch Veteranos 2015-2016"]
[Site "Madrid ESP"]
[Date "2016.01.18"]
[Round "6.30"]
[White "Suarez Mencia, Roberto"]
[Black "Perez Ramos, Miguel Angel"]
[Result "1-0"]
[WhiteElo "1454"]
[BlackElo "1259"]
[PlyCount "61"]
[EventDate "2016.01.11"]
[EventType "swiss"]
[EventRounds "9"]
[EventCountry "ESP"]
[Source "lmi"]
[SourceDate "2016.01.11"]

1. c4 e6 2. g3 c6 3. Bg2 d5 4. cxd5 Nf6 5. e3 exd5 6. Nc3 Bd6 7. Nge2 O-O 8.
O-O Re8 9. d4 Bf5 10. f3 Bd7 11. e4 Bc7 12. e5 Bxe5 13. dxe5 Rxe5 14. Kh1 Re8
15. Bg5 Be6 16. Nd4 h6 17. Nxe6 Rxe6 18. Bf4 Na6 19. Bh3 Re8 20. a3 Nc5 21. b4
Ne6 22. Bxe6 Rxe6 23. Ne2 Qd7 24. Nd4 Re7 25. g4 g5 26. Nf5 gxf4 27. Nxh6+ Kf8
28. Qd4 Re6 29. g5 Qe7 30. Rg1 Ne4 31. Qh8# 1-0

[Event "Madrid ch Veteranos 2015-2016"]
[Site "Madrid ESP"]
[Date "2016.01.18"]
[Round "6.31"]
[White "Navarro Corredor, Angel"]
[Black "Rufo Yebra, Benito"]
[Result "1-0"]
[WhiteElo "1395"]
[BlackElo "1450"]
[PlyCount "120"]
[EventDate "2016.01.11"]
[EventType "swiss"]
[EventRounds "9"]
[EventCountry "ESP"]
[Source "lmi"]
[SourceDate "2016.01.11"]

1. e4 e6 2. Nf3 Bc5 3. d4 Bb6 4. Be2 h6 5. Be3 d5 6. e5 Nc6 7. O-O Nge7 8. c3
Nf5 9. Bd2 Bd7 10. Na3 a6 11. Nc2 Nce7 12. Ne3 Ng6 13. Nxf5 exf5 14. Bd3 c5 15.
Qc2 Qc8 16. Rac1 c4 17. Be2 Bd8 18. Rfe1 Be6 19. Rb1 f4 20. b3 Bf5 21. Qb2 Bxb1
22. Rxb1 b5 23. bxc4 dxc4 24. Qc1 Qf5 25. Bf1 O-O 26. Qb2 Be7 27. Re1 Nh4 28.
Be2 Qg6 29. Nxh4 Bxh4 30. Bf3 Rae8 31. Bxf4 Qf5 32. Bc1 Re7 33. Qe2 Qe6 34. Ba3
Rfe8 35. Bxe7 Bxe7 36. Qe4 b4 37. Bg4 Qb6 38. Rb1 Qa5 39. Qc6 Rd8 40. Qxc4 bxc3
41. Bf5 Qd5 42. Qxd5 Rxd5 43. Rb8+ Bf8 44. e6 Rxf5 45. e7 c2 46. exf8=Q+ Kh7
47. Rc8 Rb5 48. Kf1 Rb1+ 49. Ke2 c1=Q 50. Rxc1 Rxc1 51. Qa3 Rc6 52. Qc5 Re6+
53. Kd3 g5 54. d5 Rf6 55. f3 g4 56. Ke3 h5 57. Qd4 Rg6 58. Qe4 Kg7 59. d6 Re6
60. Qxe6 fxe6 1-0

[Event "Madrid ch Veteranos 2015-2016"]
[Site "Madrid ESP"]
[Date "2016.01.19"]
[Round "7.1"]
[White "Elissalt Cardenas, Hector"]
[Black "Vukotic Jovsic, Dragan"]
[Result "1-0"]
[WhiteElo "2358"]
[BlackElo "1947"]
[PlyCount "93"]
[EventDate "2016.01.11"]
[EventType "swiss"]
[EventRounds "9"]
[EventCountry "ESP"]
[Source "lmi"]
[SourceDate "2016.01.11"]

1. d4 Nf6 2. c4 e6 3. Nc3 d5 4. cxd5 exd5 5. Bg5 c6 6. e3 Bf5 7. Bd3 Bxd3 8.
Qxd3 Nbd7 9. Nf3 Be7 10. O-O O-O 11. Bxf6 Bxf6 12. b4 a6 13. a4 Qb6 14. Rab1
Rfb8 15. Rfc1 Be7 16. b5 axb5 17. axb5 Qa5 18. Rc2 Qa3 19. Rcb2 Qd6 20. g3 Ra3
21. bxc6 Qxc6 22. Rb3 Ra5 23. Rb5 Rxb5 24. Rxb5 Nf6 25. Ne5 Qd6 26. Qb1 b6 27.
Qb3 Qc7 28. Nxd5 Nxd5 29. Qxd5 Bf6 30. Nd7 Rd8 31. Nxf6+ gxf6 32. Qf3 Rd6 33.
Qg4+ Kf8 34. Rh5 Rc6 35. Rxh7 Rc1+ 36. Kg2 Qc6+ 37. Kh3 Qc4 38. Qd7 Kg8 39. Rh5
Kg7 40. Qd8 Qe6+ 41. g4 Rc8 42. Qd5 Rc2 43. Qf5 Rb2 44. Qf4 Kf8 45. Rh8+ Ke7
46. Qb8 Qd7 47. Rc8 1-0

[Event "Madrid ch Veteranos 2015-2016"]
[Site "Madrid ESP"]
[Date "2016.01.19"]
[Round "7.2"]
[White "Lopez Ziegler, Carlos"]
[Black "Casares Ripoll, Fernando"]
[Result "1/2-1/2"]
[WhiteElo "1933"]
[BlackElo "2133"]
[PlyCount "47"]
[EventDate "2016.01.11"]
[EventType "swiss"]
[EventRounds "9"]
[EventCountry "ESP"]
[Source "lmi"]
[SourceDate "2016.01.11"]

1. e4 e5 2. Nf3 Nc6 3. Bc4 Nf6 4. d3 Be7 5. O-O O-O 6. c3 d5 7. exd5 Nxd5 8.
Re1 Bf6 9. Nbd2 Bf5 10. Ne4 Nb6 11. Bb5 Bxe4 12. Rxe4 Qd5 13. Bxc6 bxc6 14. Qe2
Rad8 15. Nxe5 Bxe5 16. Rxe5 Qxd3 17. Qxd3 Rxd3 18. Be3 Rfd8 19. Re1 Nc4 20. Re7
Nxe3 21. fxe3 Rd2 22. Rf1 f6 23. Rf2 Rd1+ 24. Rf1 1/2-1/2

[Event "Madrid ch Veteranos 2015-2016"]
[Site "Madrid ESP"]
[Date "2016.01.19"]
[Round "7.3"]
[White "Lopez De Turiso, Jose Angel"]
[Black "Gonzalez Rivera, Eduardo"]
[Result "1/2-1/2"]
[WhiteElo "2083"]
[BlackElo "2059"]
[PlyCount "59"]
[EventDate "2016.01.11"]
[EventType "swiss"]
[EventRounds "9"]
[EventCountry "ESP"]
[Source "lmi"]
[SourceDate "2016.01.11"]

1. d4 d5 2. c4 c6 3. cxd5 cxd5 4. Nc3 Nf6 5. Bf4 Qb6 6. Qc2 Nc6 7. e3 Bg4 8.
Bb5 e6 9. Nge2 Bb4 10. O-O O-O 11. a3 Be7 12. Bd3 Bh5 13. b4 Rac8 14. Qb3 Bxe2
15. Bxe2 Nxd4 16. exd4 Qxd4 17. Nxd5 Nxd5 18. Bg3 Qc3 19. Qxc3 Rxc3 20. Be5 Rc2
21. Bf3 b6 22. Rfd1 Bf6 23. Bxf6 Nxf6 24. Rac1 Ra2 25. Rd3 g5 26. h3 e5 27. Rd6
Kg7 28. Rcc6 Ng8 29. Rc3 Nf6 30. Rcc6 1/2-1/2

[Event "Madrid ch Veteranos 2015-2016"]
[Site "Madrid ESP"]
[Date "2016.01.19"]
[Round "7.4"]
[White "Rueda Maria, Ramiro"]
[Black "Nuñez Muñoz, Jesus"]
[Result "0-1"]
[WhiteElo "1904"]
[BlackElo "2222"]
[PlyCount "74"]
[EventDate "2016.01.11"]
[EventType "swiss"]
[EventRounds "9"]
[EventCountry "ESP"]
[Source "lmi"]
[SourceDate "2016.01.11"]

1. e4 c5 2. Nf3 d6 3. d4 cxd4 4. Nxd4 Nf6 5. Nc3 a6 6. Be2 e6 7. Be3 Nc6 8. O-O
Be7 9. a4 O-O 10. Nxc6 bxc6 11. a5 c5 12. Bf3 Rb8 13. b3 Bb7 14. Qd3 Qc7 15.
Bf4 Rbc8 16. Qc4 Nd7 17. Rfd1 Nb8 18. Ne2 Nc6 19. Qd3 Rfd8 20. Qd2 Bf6 21. Ra4
Ne5 22. Qe3 Bc6 23. Ra2 Qb7 24. c4 Rb8 25. Nc1 Nxf3+ 26. gxf3 Bd4 27. Qe1 e5
28. Be3 f5 29. Bxd4 cxd4 30. Re2 Rf8 31. Rd3 fxe4 32. fxe4 Rf4 33. f3 Rbf8 34.
Qg3 R8f6 35. Qh3 Bd7 36. Qf1 Rg6+ 37. Rg2 Bh3 0-1

[Event "Madrid ch Veteranos 2015-2016"]
[Site "Madrid ESP"]
[Date "2016.01.19"]
[Round "7.6"]
[White "Gonzalez Mateos, Rafael"]
[Black "Viñas Lopez, Carlos"]
[Result "1/2-1/2"]
[WhiteElo "1986"]
[BlackElo "1903"]
[PlyCount "67"]
[EventDate "2016.01.11"]
[EventType "swiss"]
[EventRounds "9"]
[EventCountry "ESP"]
[Source "lmi"]
[SourceDate "2016.01.11"]

1. d4 Nf6 2. c3 e6 3. Bg5 c5 4. e3 h6 5. Bh4 Be7 6. Nd2 cxd4 7. exd4 b6 8. Ngf3
Bb7 9. Bd3 O-O 10. Qc2 d6 11. O-O Nbd7 12. Ne4 Nxe4 13. Bxe7 Qxe7 14. Bxe4 Bxe4
15. Qxe4 Nf6 16. Qe2 Qb7 17. Nd2 Rac8 18. f4 Qd5 19. a3 b5 20. Qf3 Qxf3 21.
Rxf3 g6 22. h3 h5 23. Re1 a5 24. Ne4 Nxe4 25. Rxe4 Rc4 26. g4 hxg4 27. hxg4 b4
28. axb4 axb4 29. f5 bxc3 30. bxc3 e5 31. Rfe3 Rfc8 32. fxg6 fxg6 33. dxe5 dxe5
34. Rxc4 1/2-1/2

[Event "Madrid ch Veteranos 2015-2016"]
[Site "Madrid ESP"]
[Date "2016.01.19"]
[Round "7.7"]
[White "Lopez Heras, Arturo"]
[Black "Cabañas Bravo, Juan Andres"]
[Result "0-1"]
[WhiteElo "1809"]
[BlackElo "1957"]
[PlyCount "82"]
[EventDate "2016.01.11"]
[EventType "swiss"]
[EventRounds "9"]
[EventCountry "ESP"]
[Source "lmi"]
[SourceDate "2016.01.11"]

1. c4 Nf6 2. Nf3 g6 3. g3 Bg7 4. Bg2 O-O 5. O-O d5 6. cxd5 Nxd5 7. Nc3 c5 8.
Nxd5 Qxd5 9. d3 Nc6 10. Nd2 Qe6 11. Ne4 b6 12. Ng5 Qd7 13. Qa4 Bb7 14. Qh4 h6
15. Nf3 g5 16. Qh5 Nd8 17. Bd2 Qe6 18. Bc3 f5 19. Bxg7 Kxg7 20. Rfe1 Qf6 21. b3
e5 22. Rf1 Ne6 23. Nd2 Bxg2 24. Kxg2 Nd4 25. Rac1 Rad8 26. e3 Qc6+ 27. Kg1 Ne6
28. Qe2 Qd5 29. Nc4 b5 30. Nb2 f4 31. e4 Nd4 32. Qg4 Qd6 33. Ra1 f3 34. a4 Nxb3
35. Rad1 a6 36. axb5 axb5 37. Rfe1 Rf6 38. h4 Kg6 39. Re3 Rdf8 40. Kf1 Qd4 41.
h5+ Kg7 0-1

[Event "Madrid ch Veteranos 2015-2016"]
[Site "Madrid ESP"]
[Date "2016.01.19"]
[Round "7.8"]
[White "Hernandez Garcia, Carlos"]
[Black "Lorenzo Bailador, Alfredo"]
[Result "0-1"]
[WhiteElo "1747"]
[BlackElo "1951"]
[PlyCount "142"]
[EventDate "2016.01.11"]
[EventType "swiss"]
[EventRounds "9"]
[EventCountry "ESP"]
[Source "lmi"]
[SourceDate "2016.01.11"]

1. e4 e5 2. Nf3 Nc6 3. Bb5 a6 4. Ba4 Nf6 5. O-O Nxe4 6. Re1 Nc5 7. Bxc6 dxc6 8.
d4 Ne6 9. c4 exd4 10. Nxd4 Bb4 11. Nc3 O-O 12. Be3 Qf6 13. Nxe6 Bxe6 14. Bd4
Qg6 15. Re3 Bd6 16. c5 Bf4 17. Rd3 Bg4 18. Ne2 Bxe2 19. Qxe2 Rfe8 20. Qf3 Rad8
21. Rad1 Rd5 22. g3 Bg5 23. Bc3 Rxc5 24. Rd7 Rc8 25. Bb4 Rd5 26. R1xd5 cxd5 27.
Qxd5 Qe6 28. b3 Bf6 29. Qd3 h6 30. Bd2 Be5 31. Rd8+ Rxd8 32. Qxd8+ Kh7 33. Qd3+
Kg8 34. Qd8+ Kh7 35. Qd3+ Qg6 36. Qxg6+ Kxg6 37. f4 Bd4+ 38. Kg2 Kf5 39. Kf3 h5
40. h3 Ke6 41. Ke4 Bb2 42. g4 hxg4 43. hxg4 g6 44. f5+ gxf5+ 45. gxf5+ Kd7 46.
Kd5 Bf6 47. Bf4 Be7 48. Bd2 Ba3 49. Bc3 Bd6 50. Bf6 Ba3 51. Bc3 c6+ 52. Ke4 Kd6
53. Be5+ Kd7 54. Bf6 Bd6 55. Bc3 Ke7 56. Bb2 Bg3 57. Ba3+ Kd7 58. Bc5 Kc7 59.
Bd4 Bd6 60. Bc3 Kb6 61. Bd4+ c5 62. Bc3 Kc6 63. Bf6 b5 64. Bc3 Bc7 65. a3 Bd6
66. b4 Bf8 67. bxc5 Bxc5 68. Ke5 Bxa3 69. Kf6 b4 70. Ba1 b3 71. Kxf7 b2 0-1